000 00330nam a22001457a 4500
008 210519b ||||| |||| 00| 0 eng d
020 _a9780375404245
041 _aeng
080 _a32
082 _a32
100 _a19
101 _aSHP
245 _aManana Forever Mexico and Mexicans
_cJorge G. Castaneda
942 _2udc
_cBK
999 _c57468
_d57468